000
00198 a2200097 4500
001
5851
100
_a
Quadling,DA
245
_a
Mathematical Analysis
260
_a
_b
Oxford
_c
090
_c
4786
_d
4786
942
_a
NUST-CAE
_c
M
_c
31140
999
_c
240924
_d
240924